[Event "TUR Cup"]
[Site "Denizli"]
[Date "2023.07.20"]
[Round "7"]
[White "Dagdelen, Ahmet Aras"]
[Black "Cubukcuoglu, Basar"]
[Result "1-0"]
[WhiteElo "1248"]
[BlackElo "1493"]
[PlyCount "88"]
[EventDate "2023.07.16"]
[EventType "team-tourn"]
[EventRounds "9"]
[EventCountry "TUR"]
[SourceTitle "CBM 215 Extra"]
[Source "ChessBase"]
[SourceDate "2023.09.30"]
[SourceVersion "1"]
[SourceVersionDate "2023.09.30"]
[SourceQuality "1"]

1. d4 d5 2. Bf4 Nf6 3. e3 Nbd7 4. Nd2 e6 5. Bd3 Be7 6. h3 c5 7. c3 0-0 8. Ngf3 b6 9. Ne5 Bb7 10. Qb1 h6 11. Bh2 cxd4 12. exd4 Nxe5 13. Bxe5 Nd7 14. Nf3 f6 15. Bg3 f5 16. Bf4 Nf6 17. 0-0 Bd6 18. Ne5 g5 19. Bh2 Ne4 20. Qc2 Qc7 21. f3 Nf6 22. Rae1 Rae8 23. Re2 Bc8 24. Rfe1 Kg7 25. Kh1 a6 26. Qd2 b5 27. Bb1 a5 28. f4 g4 29. hxg4 Bxe5 30. fxe5 Nxg4 31. Qf4 Ba6 32. Rd2 Qe7 33. Red1 Rc8 34. Bd3 Rc6 35. Qf1 Qh4 36. g3 Qh5 37. Re1 Rfc8 38. Bxb5 Bxb5 39. Qxb5 Qg5 40. Qd3 Rb8 41. Rc2 h5 42. b3 h4 43. c4 Rh8 44. Ree2 f4 1-0

[Event "TUR Cup"]
[Site "Denizli"]
[Date "2023.07.17"]
[Round "2"]
[White "Cubukcuoglu, Basar"]
[Black "Aydogdu, Cagatay"]
[Result "0-1"]
[WhiteElo "1493"]
[BlackElo "1804"]
[PlyCount "76"]
[EventDate "2023.07.16"]
[EventType "team-tourn"]
[EventRounds "9"]
[EventCountry "TUR"]
[SourceTitle "CBM 215 Extra"]
[Source "ChessBase"]
[SourceDate "2023.09.30"]
[SourceVersion "1"]
[SourceVersionDate "2023.09.30"]
[SourceQuality "1"]

1. c4 g6 2. g3 Bg7 3. Bg2 c6 4. Nc3 d6 5. Nf3 e5 6. d3 Ne7 7. Qc2 h6 8. Rb1 Be6 9. 0-0 d5 10. b3 0-0 11. Bb2 Nd7 12. e3 Rc8 13. Rfd1 f5 14. Ne2 g5 15. d4 e4 16. Ne5 Nxe5 17. dxe5 Ng6 18. Nd4 Qe7 19. f4 exf3 20. Bxf3 Nxe5 21. Bg2 dxc4 22. Nxe6 Qxe6 23. Bxe5 Qxe5 24. Qxc4+ Kh8 25. Rd3 Rce8 26. Rbd1 f4 27. gxf4 gxf4 28. e4 Qg5 29. Kh1 Be5 30. Bf3 Rg8 31. Rd7 Re7 32. Qc5 Rxd7 33. Rxd7 b6 34. Qc1 c5 35. Rd5 Qf6 36. h3 Bd4 37. Rf5 Qh4 38. Rh5 Qf2 0-1

[Event "TUR-chT 2nd League"]
[Site "Konya"]
[Date "2017.07.18"]
[Round "3.8"]
[White "Ozdemir, Ibrahim"]
[Black "Cubukcuoglu, Basar"]
[Result "1-0"]
[WhiteElo "1524"]
[BlackElo "1548"]
[PlyCount "133"]
[EventDate "2017.07.17"]
[EventType "team-swiss"]
[EventRounds "9"]
[EventCountry "TUR"]
[SourceTitle "CBM 179 Extra"]
[Source "ChessBase"]
[SourceDate "2017.08.23"]
[SourceVersion "1"]
[SourceVersionDate "2017.08.23"]
[SourceQuality "1"]
[WhiteTeam "Gaziante Seviye"]
[BlackTeam "Samsun Gercek"]
[WhiteTeamCountry "TUR"]
[BlackTeamCountry "TUR"]

1. d4 Nf6 2. e3 d5 3. Bd3 e6 4. f4 c5 5. c3 Nc6 6. Nf3 cxd4 7. exd4 Bd6 8. 0-0 0-0 9. Qe1 Qc7 10. Ne5 Nd7 11. Rf3 Re8 12. Be3 f6 13. Bxh7+ Kxh7 14. Qh4+ Kg8 15. Qh5 Re7 16. Ng6 Qd8 17. Rh3 Nf8 18. Nxe7+ Qxe7 19. Qh8+ Kf7 20. Rg3 g5 21. h4 Ke8 22. hxg5 fxg5 23. Rxg5 Qh7 24. Rg8 Qxh8 25. Rxh8 Kf7 26. g3 b6 27. Nd2 Ba6 28. Nf3 Kg7 29. Rh2 Nd7 30. Ng5 Nf8 31. Kf2 Ne7 32. Rah1 Bd3 33. Bd2 Ng8 34. Re1 Re8 35. Nf3 Nf6 36. Kg1 Be4 37. Ne5 Bxe5 38. fxe5 Ng4 39. Rh4 Bf5 40. Bg5 Kg6 41. Bf4 Nh7 42. Kf1 Ng5 43. Ke2 Nh6 44. Reh1 Rh8 45. Ke3 Rh7 46. g4 Nxg4+ 47. Ke2 Rxh4 48. Rxh4 Ne4 49. Rh8 Ngf2 50. Be3 Bg4+ 51. Kf1 Nd3 52. Rb8 Kf5 53. Rf8+ Kg6 54. Ra8 Nxb2 55. Rxa7 Nc4 56. Bf4 Nxc3 57. Kf2 Nb5 58. Ra8 Kf5 59. Bh6 Nxd4 60. Kg3 Nxe5 61. Bg7 Ne2+ 62. Kg2 Nf4+ 63. Kf2 Ned3+ 64. Ke3 Kg6 65. Bd4 e5 66. Bxe5 Nxe5 67. Kxf4 1-0

[Event "TUR-chT 2nd League"]
[Site "Konya"]
[Date "2017.07.17"]
[Round "1.12"]
[White "Bulbul, Huseyin Doruk"]
[Black "Cubukcuoglu, Basar"]
[Result "0-1"]
[WhiteElo "1255"]
[BlackElo "1548"]
[PlyCount "58"]
[EventDate "2017.07.17"]
[EventType "team-swiss"]
[EventRounds "9"]
[EventCountry "TUR"]
[SourceTitle "CBM 179 Extra"]
[Source "ChessBase"]
[SourceDate "2017.08.23"]
[SourceVersion "1"]
[SourceVersionDate "2017.08.23"]
[SourceQuality "1"]
[WhiteTeam "Burdur Serenler"]
[BlackTeam "Samsun Gercek"]
[WhiteTeamCountry "TUR"]
[BlackTeamCountry "TUR"]

1. e4 e5 2. Nf3 Nc6 3. d4 exd4 4. Nxd4 Nf6 5. Nc3 Bc5 6. Be3 Bxd4 7. Bxd4 d6 8. Qd2 0-0 9. 0-0-0 Re8 10. f3 a6 11. Qf2 b5 12. g4 Ne5 13. Qg3 Qe7 14. Re1 Bb7 15. Rg1 c5 16. Bxe5 Qxe5 17. f4 Qd4 18. e5 dxe5 19. fxe5 b4 20. Nb1 Ne4 21. Rxe4 Bxe4 22. Nd2 Rad8 23. Qe1 Qxg1 24. Qxe4 Rxd2 25. Kxd2 Qxf1 26. e6 Qf2+ 27. Kd3 Qd4+ 28. Qxd4 cxd4 29. Kxd4 Rxe6 0-1